| 000 | 00345 a2200157 4500 | ||
|---|---|---|---|
| 001 | 62330 | ||
| 020 | _a9781424029396 | ||
| 040 | _cAnchieta - Pituba | ||
| 100 | _aMaclntyre, Paul | ||
| 240 | 1 | 0 |
_aReading explorer 4 _lIng |
| 245 | 1 | 0 | _aReading explorer 4 |
| 300 | _a224 | ||
| 362 | 0 | _a2010 | |
| 650 | 4 | _aInglês e inglês antigo | |
| 942 | _cBK | ||
| 999 |
_c62330 _d62330 |
||